[Event "Chigorin Memorial 25th"]
[Site "St Petersburg"]
[Date "2017.10.24"]
[Round "4"]
[White "Burmakin, Vladimir"]
[Black "Baltabaev, Temirlan"]
[Result "1-0"]
[WhiteElo "2515"]
[BlackElo "2353"]
[PlyCount "61"]
[EventDate "2017.10.21"]
[EventType "swiss"]
[EventRounds "9"]
[EventCountry "RUS"]
[SourceTitle "CBM 181 Extra"]
[Source "ChessBase"]
[SourceDate "2017.12.12"]
[SourceVersion "1"]
[SourceVersionDate "2017.12.12"]
[SourceQuality "1"]

1. Nf3 d5 2. g3 Nf6 3. Bg2 c6 4. 0-0 Bf5 5. c4 e6 6. Qb3 Qb6 7. d3 Nbd7 8. cxd5 Qxb3 9. axb3 exd5 10. Bd2 Be7 11. b4 0-0 12. Bc3 Nb6 13. Nbd2 Ne8 14. Nd4 Bd7 15. N2b3 Nc7 16. Nc5 Bc8 17. Ncb3 a6 18. Rfc1 Re8 19. Kf1 Bf8 20. Bd2 Nb5 21. Be3 Nxd4 22. Bxd4 Nd7 23. b5 cxb5 24. Bxd5 Ne5 25. Bg2 Bd6 26. Na5 Rb8 27. Ba7 Ra8 28. Bc5 Bxc5 29. Rxc5 Rb8 30. Rac1 b6 31. Rxe5 1-0

[Event "Chigorin Memorial 25th"]
[Site "St Petersburg"]
[Date "2017.10.22"]
[Round "2"]
[White "Zavgorodniaya, Alena"]
[Black "Baltabaev, Temirlan"]
[Result "0-1"]
[WhiteElo "2039"]
[BlackElo "2353"]
[PlyCount "78"]
[EventDate "2017.10.21"]
[EventType "swiss"]
[EventRounds "9"]
[EventCountry "RUS"]
[SourceTitle "CBM 181 Extra"]
[Source "ChessBase"]
[SourceDate "2017.12.12"]
[SourceVersion "1"]
[SourceVersionDate "2017.12.12"]
[SourceQuality "1"]

1. e4 e5 2. Nf3 Nc6 3. Bb5 a6 4. Ba4 Nf6 5. 0-0 b5 6. Bb3 Bb7 7. c3 Nxe4 8. Re1 Nc5 9. Nxe5 Nxe5 10. Rxe5+ Be7 11. Bc2 d6 12. Re1 0-0 13. d4 Nd7 14. Qd3 g6 15. Bh6 Re8 16. Nd2 Bf8 17. Bxf8 Nxf8 18. Ne4 f5 19. Ng3 Qg5 20. Bb3+ Kg7 21. a4 Bc6 22. d5 Rxe1+ 23. Rxe1 Re8 24. Rf1 Bd7 25. axb5 Bxb5 26. c4 Bd7 27. f4 Qf6 28. Qd2 Rb8 29. Rf3 a5 30. Rc3 Be8 31. Ne2 Nd7 32. Nd4 Nc5 33. Ne6+ Nxe6 34. dxe6 a4 35. c5 Rxb3 36. cxd6 cxd6 37. Rxb3 axb3 38. Qxd6 Bf7 39. exf7 Qxd6 0-1